000 00700cam a22002411 4500
001 sa 63003263
003 DLC
005 20260227111940.0
008 870327s1962 enka 000 0ceng
010 _asa 63003263
035 _a(OCoLC)15379412
040 _aDLC
_cNRU
_dNRU
_dDLC
042 _apremarc
043 _aa-ii---
050 0 0 _aDS479.1.A2
_bS3
100 1 _aSaggi, P. D.,
_eed.
245 1 0 _aLife and work of Lal, Bal, and Pal,
_ba nation's homage.
260 _aNew Delhi,
_bOverseas Pub. House
_c[1962]
300 _a363 p.
_billus.
_c25 cm.
600 0 0 _aLajpat Rai,
_cLala,
_d1865-1928.
600 1 0 _aTilak, Bal Gangadhar,
_d1856-1920.
600 1 0 _aPal, Bipin Chandra,
_d1858-1932.
999 _c54991
_d54991